000 00314 a2200085 4500
999 _c21423
_d21423
003 WA 310
005 20220120110622.0
008 220120s2002 pl ||||f u||| 000 0 pol d
020 _a8324300201
040 _aWA 310
_cWA 310
041 _apol
_heng
245 0 0 _aAutomatyczne regulatory elektryczne do użytku domowego i podobnego - Część 1: Wymagania ogólne =
_bAutomatic electrical controls for household and similar use - Part 1: General requirements PN-EN 60730-1:2002P /
_cKT nr 290.
246 1 3 _aPN-EN 60730-1
246 1 3 _aICS 97.120
246 1 3 _aPolska Norma
246 3 1 _aAutomatic electrical controls for household and similar use - Part 1: General requirements
260 _aWarszawa :
_bPKN,
_c2002.
300 _a253 strony ;
_c30 cm.
336 _2rdacontent
_aTekst
_btxt
337 _2rdamedia
_aBez urządzenia pośredniczącego
_bn
338 _2rdacarrier
_aWolumin
_bnc
500 _aWprowadza EN 60730-1:2000+A11:2002, IDT, IEC 60730-1:1999, MOD ; Zastępuje PN-EN 60730-1:2002 (U) ; Zatwierdzona 16 grudnia 2002 r.
500 _aNorma Europejska EN 60730-1:2000 ma status Polskiej Normy.
590 _6Status: wycofana ; Zastąpiona przez PN-EN 60730-1:2012 wersja angielska.
710 _91107
_aPolska.
_bPolski Komitet Normalizacyjny.
_eInstytucja sprawcza
_eWydawca
920 _a83-243-0020-1
942 _2ddc
_cBK